| 000 | 00504nam a2200205 a 4500 | ||
|---|---|---|---|
| 999 |
_c8102 _d8102 |
||
| 001 | 8102 | ||
| 003 | BD-JhCC | ||
| 005 | 20180218181006.0 | ||
| 008 | 180218s1979 bg |||| |||| 000 0 eng d | ||
| 035 | _a(BD-JhCC) | ||
| 040 |
_aBD-JhCC _dBD-JhCC |
||
| 041 | _aeng | ||
| 082 |
_a384.8095492 _bKAB 1979 |
||
| 100 | _aKabir, Alamgir | ||
| 245 |
_aFilm in Bangladesh / _cAlamgir Kabir |
||
| 260 |
_aDhaka: _bBangla Academy; _c1979 |
||
| 300 |
_a146 p;, _c22 cm |
||
| 650 | _aMotion picture | ||
| 942 |
_2ddc _cBK |
||